Stern's introductory plant biology / (رقم التسجيلة. 18921)
[ عرض عادي ]
| 000 -الفاتح | |
|---|---|
| حقل البيانات ثابتة الطول | 00994nam a22003251a 4500 |
| 001 - رقم الضبط | |
| رقم الضبط | 015558496 |
| 003 - محدد رقم الضبط | |
| رقم الضبط | Uk |
| 005 - وقت وتاريخ اخر تعامل مع التسجيلة | |
| رقم الضبط | 20150408113951.0 |
| 007 - الحقل الثابت للوصف المادى- معلومات عامة | |
| حقل البيانات ثابتة الطول | ta |
| 008 - عناصر البيانات ثابتة الطول - معلومات عامة | |
| حقل البيانات ثابتة الطول | 301111s2011 nyua b 001 0 eng d |
| 010 ## - رقم ضبط مكتبة الكونجرس | |
| رقم ضبط مكتبة الكونجرس | 2009017938 |
| 015 ## - رقم الببليوجرافية الوطنية | |
| رقم الببليوجرافية الوطنية | GBB142143 |
| المصدر | bnb |
| 020 ## - الرقم الدولى المعيارى للكتب | |
| الرقم الدولى المعيارى للكتاب | 9780071222129 |
| 020 ## - الرقم الدولى المعيارى للكتب | |
| الرقم الدولى المعيارى للكتاب | 007122212X |
| 040 ## - مصدر الفهرسة | |
| وكالة الفهرسة الأصلية | IiNdDKA |
| لغة الفهرسة | eng |
| وكالة النسخ | IiNdDKA |
| 042 ## - رمز التحقق | |
| رمز التحقق | ukblsr |
| 082 04 - رقم تصنيف ديوى العشرى | |
| رقم التصنيف | 580 B J S |
| رقم الطبعة | 22 |
| 100 1# - المدخل الرئيسى - إسم شخصى | |
| الإسم الشخصى | Bidlack, James E. |
| 9 (RLIN) | 6602 |
| 245 10 - بيان العنوان | |
| العنوان | Stern's introductory plant biology / |
| بيان المسئوليه,etc | James E. Bidlack, Shelley H. Jansky. |
| 250 ## - بيان الطبعة | |
| بيان الطبعة | Ed. 12. |
| 260 ## - PUBLICATION, DISTRIBUTION, ETC. (IMPRINT) | |
| مكان الناشر او الموزع | New York : |
| اسم الناشر او الموزع | McGraw-Hill, |
| تاريخ النشر أو التوزيع | c2011. |
| 300 ## - الوصف المادى | |
| التعداد | 622 p. : |
| تفاصيل ماديه اخرى للوعاء | col. ill. ; |
| أبعاد الوعاء | 28 cm. |
| 500 ## - تبصرة عامة | |
| تبصرة عامة | "McGraw-Hill international edition"--Cover. |
| 504 ## - تبصرة ببليوجرافية | |
| تبصرة ببليوجرافية,الخ | Includes bibliographical references and index. |
| 650 #0 - المدخل الاضافى بالموضوع-مصطلح موضوعى | |
| مصطلح موضوعي أو اسم جغرافي كعنصر مدخل | Botany. |
| 9 (RLIN) | 6603 |
| 700 1# - المدخل الاضافى - اسم شخصى | |
| الإسم الشخصى | Jansky, Shelley. |
| 9 (RLIN) | 6604 |
| 700 1# - المدخل الاضافى - اسم شخصى | |
| الإسم الشخصى | Stern, Kingsley Rowland. |
| عنوان العمل | Introductory plant biology. |
| 9 (RLIN) | 6605 |
| 942 ## - عناصر المدخل الإضافي( كوها) | |
| مصدر التصنيف او مخطط الترفيف | Dewey Decimal Classification |
| Koha [default] item type | DVD |
| حالة الفقد | نموذج السعر الفعال | حالة تلف | ليس للاعارة | رقم الطلب | تاريخ الاكتساب | الموقع الحالي | الباركود | الفرع الرئيسي | Date last seen | نوع المادة فى نظام كوها | مصدر التصنيف او خطة الترفيف | Total Checkouts |
|---|---|---|---|---|---|---|---|---|---|---|---|---|
| 2013-03-10 | 580 B J S | 2011-11-30 | مكتبة مجمع الطالبات بالمجمعة (EMF) | 00101465 | مكتبة مجمع الطالبات بالمجمعة (EMF) | 2013-03-10 | كتاب | Dewey Decimal Classification | ||||
| 2013-03-10 | 580 B J S | 2011-11-30 | مكتبة مجمع الطالبات بالمجمعة (EMF) | 00101464 | مكتبة مجمع الطالبات بالمجمعة (EMF) | 2013-03-10 | كتاب | Dewey Decimal Classification |
